MDQL
is popping MORE tags! Check the
thread
!
Quizzes
Events
Quiz Creation
Community
Videos
Private Events
Remove Ads
Sign In
Join for FREE
Feedback
Dark Mode
Quiz Categories
Sports
Geography
Music
Movies
Television
Just For Fun
Miscellaneous
History
Literature
Language
Science
Gaming
Entertainment
Religion
Holiday
For Kids
Quiz Lab
Recent
Popular Today
Quiz Kudos Today
Editor Picks
Curator Picks
Quizzes by...
Day
Popularity
Type
Ratings
Length
Year
Community
Subscriptions
Recent Discussions
Orange Saloon
Badges
Playlists
Quests
Create
Leaderboards
Showdown
Live 5
Trivia Bingo
Activity
Puzzle Library
Sporcle Events
Private Events
Virtual Trivia
Globe League
Become a Host
Pub Owners
SporcleCon
Opinionation
Our Games
Videos
Blog
Mobile Apps
Partnerships
Remove Ads and Go Orange
Feedback
Sports
Athletes
MLB
NBA
NHL
NFL
Soccer
Sports Teams
WWE
NCAA
Football
Premier League
Basketball
Baseball
Hockey
Golf
Tennis
Cricket
Rugby
Auto Racing
Olympics
World Cup
Sports
Athletes
MLB
NBA
NHL
NFL
Soccer
Sports Teams
WWE
NCAA
Football
Premier League
Basketball
Baseball
Hockey
Golf
Tennis
Cricket
Rugby
Auto Racing
Olympics
World Cup
Random Quiz
Search Sporcle
×
Quiz Lab
Quiz Lab
Sports
Event
Type in answers that appear in a list
Type in answers that appear in a list
Classic
Best Score? Go Orange.
UFC Greatest Fights Stats
Can you name the UFC Greatest Fights of all time?
By
sws33
4m
20 Questions
617 Plays
617 Plays
617 Plays
Comments
Comments
Give Quiz Kudos
Give Quiz Kudos
-
- Ratings
hide this ad
Replay
Link that replays current quiz
Next Quiz
Link to next quiz in quiz playlist
You Got
0%
They Got
Avg Score
70%
Avg Friend Score
Upgrade to see
Score Distribution
Jump to the score distribution portion of the page
Score
0/20
Timer
04:00
0
Plays Today
Rank
Fighter
% Correct
#10
Forrest Griffin
95.1%
#1
Forrest Griffin
95.1%
#2
Chuck Liddell
92.4%
#1
Stephan Bonnar
88.7%
#7
Anderson Silva
86.2%
#6
Anderson Silva
86.2%
#2
Wanderlei Silva
84.6%
#4
Georges St. Pierre
83%
#4
B.J. Penn
75%
#7
Rich Franklin
73.7%
Rank
Fighter
% Correct
#6
Rich Franklin
73.7%
#3
Matt Hughes
72.4%
#5
Frank Mir
62.1%
#5
Brock Lesnar
61.6%
#10
Mauricio Shogun Rua
58.3%
#3
Frank Trigg
52.2%
#8
Diego Sanchez
51.1%
#9
Mirko Cro Cop Filipovic
41.2%
#9
Gabriel Gonzaga
40%
#8
Karo Parisyan
27.7%
Quiz Playlist
Details
Report
Send in Message
Add To Playlist
Classic:
Type in answers that appear in a list
Last Updated: Feb 16, 2017
Quiz Scoreboard
CHALLENGE
Sign Up to Join the Scoreboard
Show All
Scores
Hide
Comments
May contain spoilers
Recently Published
Colored Red Africa Blitz
by spor1
Geography
30s
Find the 'City' Movie
by crazypaving
Movies
60s
5x2 Blitz: Bands
by SL_Kpop136
Music
30s
More to Explore
Quiz From the Vault
Featured Blog Post
14 Easter Pick-up Lines to Find Eggs With
hide this ad
You Might Also Like...
Tags
Event
fight
Fighter
greatest
MMA
UFC
Today's Top Quizzes in Sports
Browse Sports
hide this ad
Today's Top Quizzes in Event
Browse Event
Top Contributed Quizzes in Sports
1
Players with Multiple 50 Home Run Seasons
2
Who Needs Fielders?
3
Criteria MLB: Left Handed Sluggers
4
MLB Players with Two .350 Batting Average Seasons
5
Who Hit More Homers?
6
2020 F1 Drivers Logic Puzzle
7
NBA Teammate Connections
8
Premier League Clubs since 2000 (minefield)
9
MLB Teams by First Game
10
Top 10 NHL Goal Scorers of All Time
Explore More
Trending Topics
Disney
Kpop
Crossword
Harry Potter
Marvel
Anime
NBA
Puzzle
Pokémon
NFL
Soccer
Country
The Office
WWE
Song
hide this ad
More By:
sws33
Quiz
Plays
Rating
Category
Featured
Created
UFC 100 Greatest Fights
5,297
4.45
Sports
May 15, 2010
1982 Milwaukee Brewers
959
4.50
Sports
Oct 29, 2009
1989 Chicago Cubs
895
4.43
Sports
Oct 29, 2009
Chuck Liddell's UFC Opponents
832
4.75
Sports
Mar 19, 2010
UFC Undisputed 2010 game roster
629
5.00
Sports
Apr 28, 2010
Go to Creator's Profile
Score Distribution
Quiz Creator Spotlight
sws33
Follow
Send a Message
Quizzes Created
-
Created Quiz Play Count
-
More By This Creator
Popular Quizzes Today
1
5x2 Blitz: Bands
2
Find the 'City' Movie
3
Colored Red Africa Blitz
4
Find the US States - No Outlines Minefield
5
The Countries of the World
6
Find the US States
7
9x9 Crossword: Cartoon Network
8
US States
More Sports Quizzes
NBA 2022-2023 Eastern Conference Rosters
Quiz Lab
Trending Quizzes
Colored Red Africa Blitz II
Colored Red Europe Blitz I
Christmas Pick: Judaism
Colored Red Africa Blitz III
Colored Red Europe Blitz II
Recently Updated
Champions League XIs: Real Madrid
pecheneg
Largest US Cities 1790-2010
pecheneg
Rides in Walt Disney World
pecheneg
Most Oscar Losses (Acting)
pecheneg
Beyoncé Albums
pecheneg
Leaping Animals
pecheneg
Reality TV Shows (A-Z)
bhenderson79
Rickey Henderson's Hall of Fame Teammates
pecheneg
Champions League XIs: Arsenal
pecheneg
Quick Pick: Celebrities in WWE's Hall of Fame
aduchscher
Trending Topics
Anime
NBA
Harry Potter
Marvel
Disney
Crossword
Kpop
Soccer
Country
Pokémon
NFL
The Office
Song
WWE
Puzzle
Your Account Isn't Verified!
In order to create a playlist on Sporcle, you need to verify the email address you used during registration. Go to your
Sporcle Settings
to finish the process.
Report this User
Report this user for behavior that violates our
Community Guidelines
.
Details:
Send Report
Go to the Sporcle.com Mobile Site →
Comments